00401nam a2200181Ia 4500003000900000008004100009040001300050040001300063041000800076100001900084245001200103250003800115260001800153260000900171300001200180490002100192490000600213IT-RoPAU120407s9999 xx 000 0 und d aIT-RoPAU cIT-RoPAU aeng aHenry Fielding aAmelia. aHarmondsworth Middlesex (England) aPenguin Books c1987 c18,1 cm aPenguin Classics v1